书目信息 |
| 题名: |
共产主义思想品德教材
|
|
| 作者: | 南京大学思想品德教研室 | |
| 分册: | ||
| 出版信息: | 南京 南京大学 1986 |
|
| 页数: | 446页 | |
| 开本: | 19cm | |
| 丛书名: | ||
| 单 册: | ||
| 中图分类: | G416 | |
| 科图分类: | ||
| 主题词: | 思想政治教育--学校教育 , 德育--学校教育 | |
| 电子资源: | ||
| ISBN: | ||
| 000 | 00641nam0 2200193 450 | |
| 001 | 0753865015 | |
| 005 | 20070818145745.01 | |
| 010 | @d¥2.20 | |
| 100 | @a20070818d km y0chiy0120 ea | |
| 101 | 0 | @achi |
| 200 | 1 | @a共产主义思想品德教材@Agong chan zhu yi si xiang pin de jiao cai@f南京大学思想品德教研室@Fnan jing da xue si xiang pin de jiao yan shi |
| 210 | @a南京@c南京大学@d1986 | |
| 215 | @a446页@d19cm | |
| 606 | 0 | @a思想政治教育--学校教育 |
| 606 | 0 | @a德育--学校教育 |
| 690 | @aG416@v3 | |
| 701 | 0 | @a南京大学思想品德教研室@Anan jing da xue si xiang pin de jiao yan shi |
| 801 | 0 | @aCN@bPFT@c20070818 |
| 905 | @a213230@dG416@ee162@f1 | |
| 共产主义思想品德教材/南京大学思想品德教研室.-南京:南京大学,1986 |
| 446页;19cm |
| ISBN :¥2.20 |
| ● |
| 相关链接 |
|
|
|
|
正题名:共产主义思想品德教材
索取号:G416/e162
 
预约/预借
| 序号 | 登录号 | 条形码 | 馆藏地/架位号 | 状态 | 备注 |
| 1 | 6301782 | 263017826 | 教育系资料室/ [索取号:G416/e162] | 在馆 |